Good families of Barcelona : a social history of power in the industrial era /

Bibliographic Details
Main Author: McDonogh, Gary W.
Format: Book
Language:English
Published: Princeton, N.J. : Princeton University Press, [1986]
Subjects:

MARC

Tag First Indicator Second Indicator Subfields
LEADER 00000cam a2200000 a 4500
001 in00000011500
005 20151007052058.0
008 860319s1986 njua b 00110 eng
010 |a  86005067  
020 |a 0691094268 (alk. paper) :  |c $22.50 
035 |a (OCoLC)13395706 
035 |9 AAA6186AM 
040 |a DLC  |c DLC  |d m/c  |d TXA  |d UtOrBLW 
043 |a e-sp--- 
049 |a TXAM  |c [A12636513] 
050 0 0 |a HN590.Z9  |b E45 1986 
082 0 |a 305.5/22/094672  |2 19 
100 1 |a McDonogh, Gary W. 
245 1 0 |a Good families of Barcelona :  |b a social history of power in the industrial era /  |c Gary Wray McDonogh. 
264 1 |a Princeton, N.J. :  |b Princeton University Press,  |c [1986] 
264 4 |c ©1986 
300 |a xiv, 262 pages :  |b illustrations ;  |c 25 cm. 
336 |a text  |b txt  |2 rdacontent 
337 |a unmediated  |b n  |2 rdamedia 
338 |a volume  |b nc  |2 rdacarrier 
504 |a Bibliography: pages [227]-251. 
500 |a Includes index. 
650 0 |a Elite (Social sciences)  |z Spain  |z Barcelona  |x History. 
651 0 |a Barcelona (Spain)  |x Social conditions. 
650 0 |a Kinship  |z Spain  |z Barcelona  |x History. 
650 0 |a Power (Social sciences)  |x History. 
999 |a MARS 
999 f f |s 940bd46c-9797-33aa-968a-b71f61e6cc24  |i 7c88ba7b-f83c-39eb-aa14-e2c52670c9d5  |t 0 
952 f f |p ric  |a Texas A&M University  |b Rellis Campus  |c Joint Library Facility  |d Remote Storage  |t 0  |e HN590.Z9 E45 1986  |h Library of Congress classification  |i unmediated -- volume  |m A14812636513 
998 f f |a HN590.Z9 E45 1986  |t 0  |l Remote Storage